El parlamento del siglo XXI : (Record no. 109259)

MARC details
000 -LEADER
campo de control de longitud fija 01185cam a2200313Ia 4500
001 - NÚMERO DE CONTROL
campo de control 50475
005 - FECHA Y HORA DE LA ÚLTIMA TRANSACCIÓN
campo de control 20230411085920.0
008 - DATOS DE LONGITUD FIJA--INFORMACIÓN GENERAL
campo de control de longitud fija 050526s2002 ck 000 0 spa d
035 ## - NÚMERO DE CONTROL DEL SISTEMA
Número de control de sistema (OCoLC)ocm60492913
040 ## - FUENTE DE CATALOGACIÓN
Centro catalogador/agencia de origen UNAMX
Lengua de catalogación spa
Centro/agencia transcriptor UNAMX
Centro/agencia modificador BAKER
-- PL#
-- BTCTA
-- YDXCP
020 ## - NÚMERO INTERNACIONAL ESTÁNDAR DEL LIBRO
Número Internacional Estándar del Libro 8430939164
020 ## - NÚMERO INTERNACIONAL ESTÁNDAR DEL LIBRO
Número Internacional Estándar del Libro 9788430939169
029 1# - OTRO NÚMERO DE CONTROL DE SISTEMA (OCLC)
Identificador de la biblioteca OCLC PL#
Número de control de sistema 060007965
035 ## - NÚMERO DE CONTROL DEL SISTEMA
Número de control de sistema (OCoLC)60492913
050 14 - SIGNATURA TOPOGRÁFICA DE LA BIBLIOTECA DEL CONGRESO
Número de clasificación
049 ## - FONDOS LOCALES (OCLC)
Biblioteca depositaria GRAL
110 2# - ENTRADA PRINCIPAL--NOMBRE DE ENTIDAD CORPORATIVA
Nombre de entidad corporativa o nombre de jurisdicción como elemento de entrada Asociación Española de Letrados de Parlamentos.
Unidad subordinada Jornadas
Número del congreso/reunión o número de parte o sección (8 :
Fecha del congreso o de la firma del tratado 2001 :
Sede del congreso/Lugar de la reunión Valencia, España)
245 13 - MENCIÓN DEL TÍTULO
Título El parlamento del siglo XXI :
Resto del título VIII Jornadas de la Asociación Española de Letrados de Parlamentos.
260 ## - PUBLICACIÓN, DISTRIBUCIÓN, ETC.
Lugar de publicación, distribución, etc. [Madrid :
Nombre del editor, distribuidor, etc. Tecnos :
-- Asociación Española de Letrados de Parlamentos,
Fecha de publicación, distribución, etc. 2004]
300 ## - DESCRIPCIÓN FÍSICA
Extensión 293 p.
650 #4 - PUNTO DE ACCESO ADICIONAL DE MATERIA--TÉRMINO DE MATERIA
Término de materia o nombre geográfico como elemento de entrada Gobierno representativo y representación
Subdivisión geográfica España
Subdivisión de forma Congresos.
650 #4 - PUNTO DE ACCESO ADICIONAL DE MATERIA--TÉRMINO DE MATERIA
Término de materia o nombre geográfico como elemento de entrada Cuerpos legislativos
Subdivisión geográfica España
Subdivisión de forma Congresos.
938 ## -
-- Puvill Libros
-- PUVL
-- 8430939164
-- $25.08
938 ## -
-- Baker & Taylor
-- BKTY
-- 35.95
-- 35.95
-- 8430939164
-- 0006576122
-- active
938 ## -
-- Baker and Taylor
-- BTCP
-- BK0006576122
938 ## -
-- YBP Library Services
-- YANK
-- 2652615
942 ## - ELEMENTOS DE ENTRADA SECUNDARIOS (KOHA)
Fuente del sistema de clasificación o colocación Clasificación de Library of Congress
Tipo de ítem Koha
994 ## -
-- C0
-- DRFGD
Holdings
Estatus retirado Estado de pérdida Fuente del sistema de clasificación o colocación Estado de daño No para préstamo Colección Biblioteca de origen Biblioteca actual Ubicación en estantería Fecha de adquisición Código de barras Visto por última vez Copia número Tipo de ítem Koha
    Clasificación de Library of Congress     Automatización y Procesos Técnicos Biblioteca Juan Bosch Biblioteca Juan Bosch Automatización y Procesos Técnicos (1er. Piso) 11/04/2023 00000052313 17/02/2019 1